<?xml version="1.0" encoding="UTF-8"?>
<record
    xmlns:xsi="http://www.w3.org/2001/XMLSchema-instance"
    xsi:schemaLocation="http://www.loc.gov/MARC21/slim http://www.loc.gov/standards/marcxml/schema/MARC21slim.xsd"
    xmlns="http://www.loc.gov/MARC21/slim">

  <leader>00790nam a2200229Ia 4500</leader>
  <controlfield tag="008">200826s9999||||xx |||||||||||||| ||und||</controlfield>
  <datafield tag="020" ind1=" " ind2=" ">
    <subfield code="a">1882324161</subfield>
  </datafield>
  <datafield tag="020" ind1=" " ind2=" ">
    <subfield code="a">9781882324163</subfield>
  </datafield>
  <datafield tag="041" ind1=" " ind2=" ">
    <subfield code="a">chi</subfield>
    <subfield code="h">eng</subfield>
  </datafield>
  <datafield tag="050" ind1=" " ind2=" ">
    <subfield code="a">BV652.2  </subfield>
    <subfield code="b">.W3812 1997</subfield>
  </datafield>
  <datafield tag="100" ind1=" " ind2=" ">
    <subfield code="a">Warren, Rick </subfield>
  </datafield>
  <datafield tag="245" ind1=" " ind2="0">
    <subfield code="a">&#x76F4;&#x5954;&#x6A19;&#x7AFF;: </subfield>
    <subfield code="b">&#x6210;&#x70BA;&#x76EE;&#x6A19;&#x5C0E;&#x5411;&#x7684;&#x6559;&#x6703; = The Purpose driven church /</subfield>
    <subfield code="c">&#x83EF;&#x7406;&#x514B; (Rick Warren) &#x8457;; &#x694A;&#x9AD8;&#x4FD0;&#x7406;&#x8B6F;</subfield>
  </datafield>
  <datafield tag="246" ind1=" " ind2=" ">
    <subfield code="a">&#x76F4;&#x5954;&#x6807;&#x7AFF; :</subfield>
    <subfield code="b">&#x6210;&#x4E3A;&#x76EE;&#x6807;&#x5BFC;&#x5411;&#x7684;&#x6559;&#x4F1A; =The Purpose driven church/</subfield>
  </datafield>
  <datafield tag="250" ind1=" " ind2=" ">
    <subfield code="a">2nd ed.</subfield>
  </datafield>
  <datafield tag="260" ind1=" " ind2=" ">
    <subfield code="a">Paradise, Penn. :</subfield>
    <subfield code="b">&#x57FA;&#x7763;&#x4F7F;&#x8005;&#x5354;&#x6703;,</subfield>
    <subfield code="c">1997</subfield>
  </datafield>
  <datafield tag="300" ind1=" " ind2=" ">
    <subfield code="a">419 p. : </subfield>
    <subfield code="b">ill. ;</subfield>
    <subfield code="c">22 cm.</subfield>
  </datafield>
  <datafield tag="500" ind1=" " ind2=" ">
    <subfield code="a">Translation of: he Purpose driven church.</subfield>
  </datafield>
  <datafield tag="650" ind1=" " ind2=" ">
    <subfield code="a">Church growth.Evangelistic work.</subfield>
  </datafield>
  <datafield tag="700" ind1=" " ind2=" ">
    <subfield code="a">&#x694A;&#x9AD8;&#x4FD0;&#x7406;</subfield>
  </datafield>
  <datafield tag="700" ind1=" " ind2=" ">
    <subfield code="a">&#x83EF;&#x7406;&#x514B;</subfield>
  </datafield>
  <datafield tag="952" ind1=" " ind2=" ">
    <subfield code="0">0</subfield>
    <subfield code="1">0</subfield>
    <subfield code="4">0</subfield>
    <subfield code="7">0</subfield>
    <subfield code="a">GETS</subfield>
    <subfield code="b">GETS</subfield>
    <subfield code="c">GEN</subfield>
    <subfield code="d">2020-08-26</subfield>
    <subfield code="l">0</subfield>
    <subfield code="o">BV652.2 .W3812 1997</subfield>
    <subfield code="p">00007454</subfield>
    <subfield code="r">2020-08-26 00:00:00</subfield>
    <subfield code="w">2020-08-26</subfield>
    <subfield code="y">CB</subfield>
  </datafield>
  <datafield tag="952" ind1=" " ind2=" ">
    <subfield code="0">0</subfield>
    <subfield code="1">0</subfield>
    <subfield code="4">0</subfield>
    <subfield code="7">0</subfield>
    <subfield code="a">GETS</subfield>
    <subfield code="b">GETS</subfield>
    <subfield code="c">GEN</subfield>
    <subfield code="d">2020-08-26</subfield>
    <subfield code="l">0</subfield>
    <subfield code="o">BV652.2 .W3812 1997</subfield>
    <subfield code="p">00008130</subfield>
    <subfield code="r">2020-08-26 00:00:00</subfield>
    <subfield code="t">c. 2                            </subfield>
    <subfield code="w">2020-08-26</subfield>
    <subfield code="y">CB</subfield>
  </datafield>
  <datafield tag="999" ind1=" " ind2=" ">
    <subfield code="c">19973</subfield>
    <subfield code="d">19973</subfield>
  </datafield>
</record>
